Na východe je veľa nového Ukrajina je náš jediný sused mimo EÚ; o to väčšiu pozornosť si zaslúži
Záujem Ukrajiny o styky a kooperáciu so západoeurópskymi partnermi a so Slovenskom. Dohoda o partnerstve a spolupráci medzi EÚ a Ukrajinou. Kompatibilita so štandardami EÚ. Projekty cezhraničnej spolupráce v rámci Programu ENPI. Schengenská hranica, pohyb ľudí, tovarov a služieb.
Na minha lista:
| Autor principal: | |
|---|---|
| Formato: | Capítulo de Livro |
| Idioma: | eslovaco |
| Assuntos: | |
| Tags: |
Sem tags, seja o primeiro a adicionar uma tag!
|
MARC
| LEADER | 00000naa$a2200000$$$4500 | ||
|---|---|---|---|
| 001 | 0115411 | ||
| 005 | 20220725111504.6 | ||
| 041 | 0 | |a slo | |
| 044 | |a SK | ||
| 245 | 1 | 0 | |a Na východe je veľa nového |b Ukrajina je náš jediný sused mimo EÚ; o to väčšiu pozornosť si zaslúži |c Miloš Nemeček |
| 520 | |a Záujem Ukrajiny o styky a kooperáciu so západoeurópskymi partnermi a so Slovenskom. Dohoda o partnerstve a spolupráci medzi EÚ a Ukrajinou. Kompatibilita so štandardami EÚ. Projekty cezhraničnej spolupráce v rámci Programu ENPI. Schengenská hranica, pohyb ľudí, tovarov a služieb. | ||
| 610 | 2 | 0 | |a Slovensko |
| 610 | 2 | 0 | |a Ukrajina |
| 610 | 2 | 0 | |a Európska únia |
| 610 | 2 | 0 | |a spolupráca cezhraničná |
| 610 | 2 | 0 | |a vzťahy zahraničné |
| 610 | 2 | 0 | |a vzťahy hospodárske medzinárodné |
| 100 | 1 | |a Nemeček, Miloš | |